| 000 | 00685nai a22001937a 4500 | ||
|---|---|---|---|
| 003 | OSt | ||
| 005 | 20170601184002.0 | ||
| 008 | 170321b xxu||||| |||| 00| 0 eng d | ||
| 022 | _a07977-888X | ||
| 040 |
_aBMC _cBMC |
||
| 082 | _a338.1 | ||
| 245 | 0 | 0 |
_aBiodiversidad, cultivos y culturas _b: marzo |
| 260 |
_aEspaña _bREDES-AT _bGRAIN _c1995 |
||
| 300 |
_a26 p. _c28 cm |
||
| 490 |
_aRedes, amigos de la tierra _v3 |
||
| 505 | _aContiene: Amenazas de los tubos de ensayo.- Hacia un concepto indígena de la propiedad intelectual.- Aproximación a la problemática de los recursos genéticos.- Una experiencia con papa.- | ||
| 650 | 2 | 4 |
_96390 _aAgricultura integrada |
| 942 |
_2ddc _cPR |
||
| 999 |
_c27349 _d27349 |
||